Mechanizmy ekonomiczne ksztaltowania spozycia Kryzys - próba reform - kierunki zmian
Salvato in:
| Altri autori: | |
|---|---|
| Natura: | Libro |
| Lingua: | polacco |
| Pubblicazione: |
Katowice
Akademia Ekon. im. Karola Adamieckiego
1991
|
| Edizione: | 1. wyd. |
| Serie: | Prace naukowo - badawcze
|
| Tags: |
Nessun Tag, puoi essere il primo ad aggiungerne!!
|
MARC
| LEADER | 00000nam a2200000 4500 | ||
|---|---|---|---|
| 001 | c029263 | ||
| 005 | 20221214094200.5 | ||
| 041 | 0 | |a pol | |
| 044 | |a PL | ||
| 245 | 1 | 0 | |a Mechanizmy ekonomiczne ksztaltowania spozycia |b Kryzys - próba reform - kierunki zmian |c Red. Leszek Zabinski |
| 250 | |a 1. wyd. | ||
| 264 | 1 | |a Katowice |b Akademia Ekon. im. Karola Adamieckiego |c 1991 | |
| 300 | |a 143 s. | ||
| 490 | 1 | |a Prace naukowo - badawcze | |
| 830 | 0 | |a Prace naukowo - badawcze | |
| 700 | 1 | |a Zabinski, Leszek | |